Welcome to the Holygrace Academy Library

Please use search bar below to get started

VALUE BASED PRACTICE PAPERS CHEMISTRY (Record no. 693)

MARC details
000 -LEADER
fixed length control field 00330nam a22001217a 4500
082 ## - DEWEY DECIMAL CLASSIFICATION NUMBER
Classification number 540
Item number CHA/V
100 ## - MAIN ENTRY--AUTHOR NAME
Personal name R.CHADHA, MUNISH RATTI
245 ## - TITLE STATEMENT
Title VALUE BASED PRACTICE PAPERS CHEMISTRY
Remainder of title CLASS XII
260 ## - PUBLICATION, DISTRIBUTION, ETC. (IMPRINT)
Place of publication JALANDHAR
Name of publisher S.DINESH & CO
Year of publication 2013
300 ## - PHYSICAL DESCRIPTION
Number of Pages 54
650 ## - SUBJECT ADDED ENTRY--TOPICAL TERM
Topical Term CHEMISTRY PRACTICE PAPERS FOR CLASS XII
Geographic subdivision INDIA
942 ## - ADDED ENTRY ELEMENTS (KOHA)
Koha item type Books
Holdings
Withdrawn status Lost status Collection code Home library Current library Shelving location Date acquired Source of acquisition Full call number Accession Number Koha item type
    Reference Main Library Main Library SHELF-9 C XII CHEMISTRY 20/04/2013 purchase 540 CHA/V 07100 Books